000 00382nam a2200157Ia 4500
008 230524s9999 xx 000 0 und d
082 _a621.3812
_bAGG
100 _aK.K.Aggarwal
245 0 _aControl System Analysis and Design
250 _a3RD
260 _aNEW DELHI
_bKhanna
_c1999
300 _aXIV;754
500 _aQuantity Number: 2
650 _aElectrical
942 _cBK
999 _c6602
_d6602